Librarianship and documentation : (Record no. 133568)

MARC details
000 -LEADER
fixed length control field 00858nam a22002537a 4500
005 - DATE AND TIME OF LATEST TRANSACTION
control field 20170124110212.0
010 ## - LIBRARY OF CONGRESS CONTROL NUMBER
LC control number 999233
020 ## - INTERNATIONAL STANDARD BOOK NUMBER
Terms of availability 00.00
International Standard Book Number 02330965963
035 ## - SYSTEM CONTROL NUMBER
System control number 999233
037 ## - SOURCE OF ACQUISITION
Source of stock number/acquisition Cen Lib/Ret
040 ## - CATALOGING SOURCE
Original cataloging agency DPL
Language of cataloging EN
082 ## - DEWEY DECIMAL CLASSIFICATION NUMBER
Classification number 021.64
Item number COB
100 ## - MAIN ENTRY--PERSONAL NAME
Personal name Coblans, Herbert
9 (RLIN) 650
245 ## - TITLE STATEMENT
Title Librarianship and documentation :
Statement of responsibility, etc by Herbert Coblans; edited by Evelyn J. A. Evans
Remainder of title an international perspective /
260 ## - PUBLICATION, DISTRIBUTION, ETC. (IMPRINT)
Name of publisher, distributor, etc Andre Deutsch
Place of publication, distribution, etc London
Date of publication, distribution, etc 1974
270 ## - ADDRESS
City London
Address 105 Great Russell Street
300 ## - PHYSICAL DESCRIPTION
Extent 142p.
Dimensions 22cm(Hb)
490 ## - SERIES STATEMENT
Series statement Grafton basic text
500 ## - GENERAL NOTE
General note Includes bibliographical references and index<br/>
650 ## - SUBJECT ADDED ENTRY--TOPICAL TERM
Topical term or geographic name as entry element Library cooperation
9 (RLIN) 38304
650 ## - SUBJECT ADDED ENTRY--TOPICAL TERM
Topical term or geographic name as entry element Information services -- International cooperation
9 (RLIN) 38305
700 ## - ADDED ENTRY--PERSONAL NAME
Personal name Evans, J. A. Evelyn
9 (RLIN) 38306
942 ## - ADDED ENTRY ELEMENTS (KOHA)
Source of classification or shelving scheme Dewey Decimal Classification
Koha item type English Books
Classification part 021.64
Call number suffix COB
Holdings
Withdrawn status Lost status Damaged status Not for loan Collection code Home library Current library Date acquired Source of acquisition Cost, normal purchase price Total Checkouts Full call number Barcode Date last seen Copy number Cost, replacement price Price effective from Koha item type
      Not For Loan Reference Central Library Central Library 27/07/2015 Cen Lib/Ret 0.00   021.64 COB 999233 27/07/2015 1 0.00 27/07/2015 English Books

© Delhi Public Library
Hit Counter
free hit counter